Ética y derechos humanos en la era biotecnolg̤ica

Bibliographic Details
Main Author: Rodrg̕uez Merino, Jos ̌Mara̕
Format: Unknown
Language:Spanish
Published: Madrid : Dykinson, 2008
Subjects:
Online Access:Acceso restringido

MARC

LEADER 00000ny a22000003n 4500
005 20110622115437.0
006 m u
007 cr cn|||||||||
008 200903r2008 sp |||||s|||||||||||spa d
020 |a 9788498492972 
035 |a 2737 
040 |a FlNmELB  |c FlNmELB  |d vLex 
080 |a 17:573 
090 |c 1244  |d 1244 
100 1 |a Rodrg̕uez Merino, Jos ̌Mara̕ 
245 1 0 |a Ética y derechos humanos en la era biotecnolg̤ica  |h [Recurso electrn̤ico]  |c Jos ̌Mara̕ Rodrg̕uez Merino 
256 |a Servicio en ln̕ea 
260 |a Madrid :  |b Dykinson,  |c 2008 
300 |a 262 p 
506 1 |a Contenido solo disponible en los productos indicados  |d vLex Global  |d vLex Global (Academic Edition, excluding Law Schools)  |d vLex Global (U.S. Academic Edition, Law Schools)  |d vLex Global (U.S. Academic Edition, excluding Law Schools)  |d vLex Global (Academic Edition, Law Schools) 
650 0 7 |a Bioťica  |2 Tesauro vLex 
650 0 7 |a Derechos humanos  |2 Tesauro vLex 
650 0 7 |a Investigacin̤ cientf̕ica  |2 Tesauro vLex 
650 0 7 |a Nuevas tecnologa̕s  |2 Tesauro vLex 
740 0 |a vLex Libros (Servicios en ln̕ea) 
856 4 0 |z Acceso restringido  |u http://vlex.com/source/etica-derechos-humanos-biotecnologia-2737 
942 |c BOOK